Statistics for General Knowledge Quiz #22

Click here to take the quiz!

General Stats

  • This quiz has been taken 99,372 times
    (32,449 since last reset)
  • The average score is 12 of 20

Answer Stats

Question Answer % Correct
What well-known animal eats mostly Eucalyptus leaves?Koala
95%
According to legend, what city was founded by Romulus and Remus?Rome
86%
What does the A stand for in A-Bomb?Atomic
86%
What type of bullets kill werewolves?{Silver} Bullets
83%
Why did the chicken cross the road?To get to the other side
82%
What word often comes after baby, bridal, and meteor?Shower
76%
What country's rugby union team is called the All Blacks?New Zealand
76%
Who is Snoopy's owner?Charlie Brown
71%
What is the opposite of starboard?Port
68%
What's the first name of Kate Middleton's sister?Pippa
68%
Who flies the Jolly Roger flag?Pirates
65%
What sea lies between Britain and Norway?North Sea
62%
What country lies directly south of Panama?Colombia
58%
What Toyota model is the world's all-time best-selling car?Corolla
54%
What country occupied Ethiopia between 1936 and 1941?Italy
45%
What Canadian province is due north of Washington state?British Columbia
44%
What herb, common in Mexican food, tastes like soap to people who have a certain gene?Cilantro
40%
What M word refers to a decorative tower adjacent to a mosque?Minaret
32%
What is the sum of all the numbers between 1 and 100?5050
27%
What comes in like a lion and out like a lamb?March
23%

Score Distribution

Percentile by Number Answered

Percent of People with Each Score

Your Score History

You have not taken this quiz since the last reset